Análisis experimental de las variables mecánicas que definen el comportamiento de las bases estiablizadas para carreteras anta cargas de fatiga
Furkejuvvon:
| Váldodahkki: | |
|---|---|
| Materiálatiipa: | Girji |
| Giella: | Spanish |
| Almmustuhtton: |
[San José], Costa Rica
2015
|
| Fáttát: | |
| Fáddágilkorat: |
Lasit fáddágilkoriid
Eai fáddágilkorat, Lasit vuosttaš fáddágilkora!
|
MARC
| LEADER | 00000nam a22000007a 4500 | ||
|---|---|---|---|
| 003 | 012121 | ||
| 005 | 20221231143905.0 | ||
| 008 | 150327b2015 cr a|||| |||| 00| 0 spa d | ||
| 040 | |c cru CEDI | ||
| 090 | |a TFG 7286 | ||
| 100 | |9 419 |a Alfaro Martínez, José Pablo | ||
| 245 | |a Análisis experimental de las variables mecánicas que definen el comportamiento de las bases estiablizadas para carreteras anta cargas de fatiga | ||
| 260 | |a [San José], Costa Rica |c 2015 | ||
| 500 | |a Proyecto de graduación (licenciatura en ingeniería civil)--Universidad de Costa Rica. Facultad de Ingeniería. Escuela de Ingeniería Civil | ||
| 650 | |x PAVIMENTOS |x ANALISIS |x MECANICA DE SUELOS |x SUELO -- CEMENTO |9 684 | ||
| 942 | |c TFG | ||
| 999 | |c 13801 |d 13801 | ||
